Podział administracyjny Chińskiej Republiki Ludowej - Statystyki

Ogólne statystyki
  • Ten quiz został rozwiązany 16 razy
  • Średni wynik to 18 z 34
Statystyki odpowiedzi
Nazwa jednostki administracyjnej Nazwa % Poprawnych
Specjalne regiony administracyjne Hongkong
100%
Pekin
100%
Szanghaj
100%
Makau
90%
Tybet
90%
Terytorium poza kontrolą ChRL (Chin) Tajwan
80%
Mongolia Wewnętrzna
70%
Tiencin
70%
Miasta wydzielone Chongqing
60%
Hebei
60%
Hubei
60%
Junnan
50%
Shaanxi
50%
Shanxi
50%
Sinciang
50%
Syczuan
50%
Prowincje Anhui
40%
Fujian
40%
Guangdong
40%
Hajnan
40%
Heilongjiang
40%
Henan
40%
Hunan
40%
Jiangsu
40%
Jiangxi
40%
Jilin
40%
Ningxia
40%
Gansu
30%
Rejony autonomiczne Kuangsi
30%
Liaoning
30%
Qinghai
30%
Szantung
30%
Kuejczou
20%
Zhejiang
20%
Nie znaleziono quizów pasujących do podanych kryteriów
Rozkład punktacji
Procent ludzi z każdym wynikiem
Percentyl według liczby udzielonych odpowiedzi
Twoja historia wyników
Nie rozwiązałeś tego quizu